| 000 | 00916cam a2200253 a 4500 | ||
|---|---|---|---|
| 005 | 20131028061555.0 | ||
| 008 | 940330s1995 enkb b 001 0 eng | ||
| 020 | _a058223199X | ||
| 041 | 0 | _aeng | |
| 080 | _a323.1 | ||
| 100 | 1 | _aUrwin, Derek W. | |
| 245 | 1 | 4 |
_aThe community of Europe : _cDerek W. Urwin. |
| 250 | _a2nd ed. | ||
| 260 |
_aLondon ; _aNew York : _bLongman, _c1995. |
||
| 300 |
_axi, 292 p. : _bmap ; _c22 cm. |
||
| 440 | 4 | _aThe Postwar world | |
| 504 | _aIncludes bibliographical references (p. 277-282) and index. | ||
| 610 | 2 | 0 |
_aKomuniteti Ekonomik Europian _xHistoria |
| 651 | 0 |
_aEurope _xIntegrimi ekonomik _xHistoria |
|
| 651 | 0 |
_aEurope _xGjendja ekonomike _y1945- |
|
| 856 | 4 | 2 |
_3Book review (H-Net) _uhttp://www.h-net.org/review/hrev-a0a0r0-aa |
| 856 | 4 | 2 |
_3Book review (H-Net) _uhttp://www.h-net.org/review/hrev-a0a0u0-aa |
| 942 |
_2udc _cBK |
||
| 999 |
_c161 _d161 |
||